| 000 | 00920nam a2200265Ia 4500 | ||
|---|---|---|---|
| 003 | OSt | ||
| 005 | 20220930092747.0 | ||
| 006 | a|||||r|||| 00| 0 | ||
| 007 | ta | ||
| 008 | 220926b |||||||| |||| 00| 0 eng d | ||
| 024 | _a24319 | ||
| 037 | _cTheses | ||
| 040 |
_aCRL _cCRL _beng |
||
| 041 |
_2eng _aeng |
||
| 100 |
_aDogra Vikas _9549650 |
||
| 110 | _aUniversity OF Delhi. Faculty OF Medical Sciences. Department OF Pulmonary Medicine | ||
| 245 | 0 |
_aNutritional status and quality of life in defferent ct phenotypes in male paitents of copd _b a comparative study |
|
| 260 | _c2013 | ||
| 650 | _aMEDICINE | ||
| 700 | _a Dr. Balakrishnan Menon Gu. | ||
| 700 |
_a Prof. S. N. Gaur Gu. _9538240 |
||
| 700 | _aUniversity OF Delhi. Faculty OF Medical Sciences. Department OF Pulmonary Medicine | ||
| 942 |
_cDIS _2CC |
||
| 999 |
_c884256 _d884256 |
||